000 00456nam a2200157Ia 4500
008 210210b2000 xxu||||| |||| 00| 0 eng d
020 _a81 7371 278 6
082 _a616.95 WORG
100 _aWORLD HEALTH ORGANIZATION.
245 _aGuidelines for prventing HIV,HBV and other infections in the health care setting.
260 _aHyderabad
_bUniversities Press
_c2000
300 _ax,67
650 _aHIV & HBV
690 _aDiseases
906 _aSG03739
999 _c114524
_d114524